|
|
|
|
| LEADER |
01158nam a2200253 a 4500 |
| 001 |
00537434 |
| 003 |
GR-PaULI |
| 008 |
060905s1995 it 000 0 fre d |
| 020 |
|
|
|a 2905434651
|
| 040 |
|
|
|a GrPaTEI
|b gre
|c GR-PaULI
|
| 044 |
|
|
|a fr
|
| 082 |
|
0 |
|a 639 2
|2 21
|
| 110 |
2 |
|
|a Institut francais de recherche pour l'exploitation de la mer,
|
| 245 |
1 |
4 |
|a Les panneaux de chalut :
|b caracteristiques et mise en: Sea Fish Industry Authority, Institut francais de recherche pour l'exploitation de la mer, Danish Institute for Fisheries Technology and Aquaculture.
|
| 260 |
|
|
|a Plouzane :
|b Editions Ifremer,
|c c1995.
|
| 300 |
|
|
|a 138 σ. :
|b εικ. ;
|c 30 εκ.
|
| 500 |
|
|
|a Περιλαμβάνει βιβλιογραφία
|
| 650 |
|
0 |
|a Trawls and trawling.
|
| 710 |
|
|
|a Ifremer
|
| 710 |
2 |
|
|a Danish Institute for Fisheries Technology and Aquaculture.
|
| 942 |
|
|
|2 ddc
|
| 952 |
|
|
|0 0
|1 0
|2 ddc
|4 0
|6 639_200000000000000_PAN
|7 0
|9 250177
|a MSLG
|b MSLG
|c BSC
|d 2021-01-17
|e 24
|f 0
|g 0.00
|l 0
|o 639 2 PAN
|p 99242000028417
|r 2021-01-17 00:00:00
|t 1
|w 2021-01-17
|y BK15
|x Items transfered from Loc16 to Loc24
|x GrPaTEI
|
| 971 |
|
|
|a .b11711577
|b 24-09-20
|c 27-08-15
|
| 999 |
|
|
|c 148531
|d 148531
|